[Event "Vojens Sonderjysk"]
[Site "Vojens"]
[Date "2011.05.23"]
[Round "4"]
[White "Hermannsen, Allan Schmidt"]
[Black "Bjornskov, Kai"]
[Result "1-0"]
[WhiteElo "2048"]
[BlackElo "2096"]
[PlyCount "41"]
[EventDate "2011.05.02"]
[EventType "tourn"]
[EventRounds "7"]
[EventCountry "DEN"]
[SourceTitle "EXT 2018"]
[Source "ChessBase"]
[SourceDate "2017.10.13"]
[SourceVersion "1"]
[SourceVersionDate "2017.10.13"]
[SourceQuality "1"]

1. e4 c5 2. Nf3 d6 3. d4 cxd4 4. Nxd4 Nf6 5. Nc3 a6 6. Bg5 e6 7. f4 b5 8. e5 dxe5 9. fxe5 Qc7 10. Qe2 b4 11. Ncb5 axb5 12. Nxb5 Qc5 13. exf6 Bd7 14. Bf4 Ra5 15. fxg7 Bxg7 16. Nd6+ Ke7 17. Nb7 Qf5 18. Bd6+ Kf6 19. Nxa5 Qxa5 20. Qf2+ Kg6 21. Qg3+ 1-0

[Event "NATO-ch 09th"]
[Site "Portsmouth"]
[Date "1998.10.08"]
[Round "5"]
[White "Cadiou, Jacques"]
[Black "Hermannsen, Allan Schmidt"]
[Result "1/2-1/2"]
[WhiteElo "1970"]
[BlackElo "2043"]
[PlyCount "133"]
[EventDate "1998.10.??"]
[EventType "swiss"]
[EventRounds "7"]
[EventCountry "ENG"]
[SourceTitle "EXT 2014"]
[Source "ChessBase"]
[SourceDate "2013.11.20"]
[SourceVersion "1"]
[SourceVersionDate "2013.11.20"]
[SourceQuality "1"]

1. d4 Nf6 2. c4 g6 3. Nc3 Bg7 4. e4 d6 5. Nf3 0-0 6. Be2 e5 7. d5 a5 8. g3 Na6 9. Nh4 Nc5 10. f3 Ne8 11. Ng2 f5 12. exf5 Bxf5 13. g4 Bd7 14. Qc2 c6 15. 0-0 cxd5 16. cxd5 Rc8 17. a4 Nc7 18. Ne3 N7a6 19. Nc4 Nb4 20. Qd1 Qc7 21. Be3 Rf7 22. Kg2 Bf8 23. h3 Be7 24. Ra3 b6 25. Qb1 Qb7 26. Rd1 Bxa4 27. Nxa4 Nxa4 28. Rxa4 Nxd5 29. Rxd5 Qxd5 30. Nxb6 Qb3 31. Nxc8 Qxa4 32. Nxe7+ Rxe7 33. Qe4 Qxe4 34. fxe4 Rb7 35. Bc4+ Kg7 36. b3 Kf6 37. Kf3 Ke7 38. Bd2 Ra7 39. Ke3 Kd7 40. Kd3 Kc7 41. Be3 Ra8 42. Bd5 Rf8 43. Ke2 Rf6 44. g5 Rf8 45. h4 Re8 46. Kf3 Re7 47. Kg4 Rg7 48. h5 Re7 49. Bg8 Rg7 50. Bd5 Re7 51. hxg6 hxg6 52. Kf3 Rh7 53. Ke2 Rh2+ 54. Kd3 Ra2 55. Bc1 a4 56. bxa4 Rxa4 57. Bf7 Kd8 58. Bxg6 d5 59. exd5 Rd4+ 60. Ke3 Rxd5 61. Ke4 Rd1 62. Be3 Re1 63. Bf5 Ke7 64. Kf3 Rf1+ 65. Kg4 Kf7 66. Bd3 Rd1 67. Bc4+ 1/2-1/2

[Event "NATO-ch 09th"]
[Site "Portsmouth"]
[Date "1998.10.06"]
[Round "3"]
[White "Lebel, Patrick"]
[Black "Hermannsen, Allan Schmidt"]
[Result "1/2-1/2"]
[WhiteElo "2165"]
[BlackElo "2043"]
[PlyCount "31"]
[EventDate "1998.10.??"]
[EventType "swiss"]
[EventRounds "7"]
[EventCountry "ENG"]
[SourceTitle "EXT 2014"]
[Source "ChessBase"]
[SourceDate "2013.11.20"]
[SourceVersion "1"]
[SourceVersionDate "2013.11.20"]
[SourceQuality "1"]

1. Nf3 Nf6 2. c4 g6 3. Nc3 Bg7 4. d4 0-0 5. Bf4 d5 6. e3 c5 7. dxc5 Qa5 8. cxd5 Nxd5 9. Be5 Nxc3 10. Qd2 Bxe5 11. Nxe5 Qxc5 12. Qxc3 Qxc3+ 13. bxc3 Nd7 14. Nxd7 Bxd7 15. 0-0-0 Bc6 16. f3 1/2-1/2

[Event "NATO-ch 09th"]
[Site "Portsmouth"]
[Date "1998.10.05"]
[Round "1"]
[White "Vercauteren, Daniel"]
[Black "Hermannsen, Allan Schmidt"]
[Result "0-1"]
[WhiteElo "1690"]
[BlackElo "2043"]
[PlyCount "72"]
[EventDate "1998.10.??"]
[EventType "swiss"]
[EventRounds "7"]
[EventCountry "ENG"]
[SourceTitle "EXT 2014"]
[Source "ChessBase"]
[SourceDate "2013.11.20"]
[SourceVersion "1"]
[SourceVersionDate "2013.11.20"]
[SourceQuality "1"]

1. e4 c5 2. Nf3 d6 3. d4 cxd4 4. Nxd4 Nf6 5. Nc3 g6 6. Be3 Bg7 7. Be2 Nc6 8. 0-0 0-0 9. Rb1 Bd7 10. f4 Qc8 11. h3 Nxd4 12. Bxd4 Bc6 13. Qd3 Rd8 14. Qf3 Nxe4 15. Rbd1 Nd2 16. Qf2 Bxd4 17. Qxd4 Nxf1 18. Rxf1 Qf5 19. Bd3 Qc5 20. Qf2 Qxf2+ 21. Rxf2 Kg7 22. Ne2 e5 23. f5 f6 24. Ng3 g5 25. Nh5+ Kf7 26. Bc4+ d5 27. Bb3 Bb5 28. Ng3 Bc4 29. Bxc4 dxc4 30. Ne4 Rd1+ 31. Rf1 Rxf1+ 32. Kxf1 Rd8 33. Ke2 Rd4 34. Nc5 b6 35. c3 bxc5 36. cxd4 cxd4 0-1